000 00464nam a2200181Ia 4500
003 GCL
008 140319s9999 xx 000 0 eng d
040 _aGCL /
_cGCL
082 0 4 _a843
_bP C
100 1 _aPROIST, MARCEL
245 1 0 _aDU COTE' DE CHEZ SWANN /
_cPROIST, MARCEL
260 _a[S.N] :
_bLE LIVRE DE POCHE ،
_c1992
300 _a512\P
490 _aLE LIVRE DE POCHE
_v0
650 0 4 _aLITERATURE
650 0 4 _aFRENCH LITERATURE
942 _2ddc
_cBK
999 _c22390
_d22390